000 00286nam a22001337a 4500
008 170502b xxu||||| |||| 00| 0 eng d
020 _a9781593453046
041 _aeng
080 _a341
100 _a13
101 _aSHJ
245 _aMOMELAND SECURITY
_cWARD.R.H
942 _2udc
_cBK
999 _c12368
_d12368